000 00883nam a22002177a 4500
999 _c18290
_d18290
003 AR-CdUCM
008 190513b ||||| |||| 00| 0 spa d
040 _aMUNICIPALIDAD PROVINCIAL DEL CUSCO
_cBIBLIOTECA MUNICIPAL DEL CUSCO
041 _hger
082 _a193 /
_bS74
100 _aSpengler, Oswald
_929274
245 _aEl hombre y la técnica :
_bcontribución a una filosofía de la vida /
260 _aSantiago de Chile :
_bNueva época,
_c1933.
300 _a111 páginas ;
_c19 cm.
505 _aContenido: La técnica como táctica de la vida -- Hervíboros y animales de rapiña -- El advenimiento del hombre, la mano y la herramienta -- El segundo grado: hablar y emprender...
650 _aTecnología y civilización
_94578
650 _aSeres humanos
_921798
700 _aMorente, Manuel G, (traductor)
_9509
942 _2ddc
_cLIBROS
945 _aacv
_d2019-05-13